000 00302nam a22001457a 4500
003 SGT
082 _a611
_bC14A
100 _aABRAHAMS,PETER.H
245 _aCLINICAL ATLAS OF HUMAN ANATOMY
250 _a7TH
260 _aDELHI
_bELSEVIER
_c2014
300 _a387
650 _aANATOMY
942 _2ddc
_cBK
999 _c8486
_d8486